| 000 | 00399cam a2200157ua 4500 | ||
|---|---|---|---|
| 041 |
_aeng _h |
||
| 082 |
_a618.92 _bKOL/CH |
||
| 100 | _aKoltypin, A.N . | ||
| 245 |
_aChildren`s Diseases / _cA.N.Koltypin. _hTextual Documents |
||
| 260 |
_aMoscow : _bForeign Language Publishing House , _c1965. |
||
| 300 | _a530 ; . | ||
| 504 | _a | ||
| 700 | 1 | _aLangovoi, N . | |
| 942 | _cBK | ||
| 999 |
_c784 _d784 |
||